AIR POLLUTION (Record no. 8190)
[ view plain ]
| 000 -LEADER | |
|---|---|
| fixed length control field | 00390nam a22001577a 4500 |
| 003 - CONTROL NUMBER IDENTIFIER | |
| control field | SGT |
| 020 ## - INTERNATIONAL STANDARD BOOK NUMBER | |
| International Standard Book Number | 9780074518717 |
| 082 ## - DEWEY DECIMAL CLASSIFICATION NUMBER | |
| Classification number | 628.532 |
| Item number | RAO |
| 100 ## - MAIN ENTRY--PERSONAL NAME | |
| Personal name | RAO,M.N |
| 245 ## - TITLE STATEMENT | |
| Title | AIR POLLUTION |
| 260 ## - PUBLICATION, DISTRIBUTION, ETC. (IMPRINT) | |
| Place of publication, distribution, etc | NEW DELHI |
| Name of publisher, distributor, etc | TMH |
| Year of Publication | 2014 |
| 300 ## - PAGE DESCRIPTION | |
| No. of Pages | 339 |
| 650 ## - SUBJECT ADDED ENTRY--TOPICAL TERM | |
| Topical term or geographic name as entry element | CIVIL ENGINEERING |
| 653 ## - KEYWORDS--INDEX TERM | |
| Keyword term | AIR POLLUTION,EFFECTS OF AIR POLLUTION ON HUMAN,ANIMAL, PLANTS HEALTH & , |
| 942 ## - ADDED ENTRY ELEMENTS (KOHA) | |
| Source of classification or shelving scheme | Dewey Decimal Classification |
| Koha item type | Books |
| 942 ## - ADDED ENTRY ELEMENTS (KOHA) | |
| -- | 7 |
| Withdrawn status | Lost status | Source of classification or shelving scheme | Damaged status | Not for loan | Home library | Current library | Shelving location | Date acquired | Vendor Name | Cost, normal purchase price | SGTU | Bill Number | Total Checkouts | Full call number | Accession No. (Barcode) | Date last seen | Bill Date | Koha item type | Total Renewals | Date last borrowed |
|---|---|---|---|---|---|---|---|---|---|---|---|---|---|---|---|---|---|---|---|---|
| Dewey Decimal Classification | SGT Engineering Library | SGT Engineering Library | Text Book | 24/12/2015 | SPARSH BOOK | 625.00 | SGTU | 1400 | 628.532 RAO | FE6343 | 24/12/2015 | Books | ||||||||
| Dewey Decimal Classification | SGT Engineering Library | SGT Engineering Library | Text Book | 24/12/2015 | SPARSH BOOK | 625.00 | SGTU | 1400 | 10 | 628.532 RAO | FE6344 | 14/03/2022 | Books | 2 | 08/03/2022 | |||||
| Dewey Decimal Classification | SGT Engineering Library | SGT Engineering Library | Text Book | 24/12/2015 | SPARSH BOOK | 625.00 | SGTU | 1400 | 6 | 628.532 RAO | FE6345 | 28/11/2019 | Books | 3 | 23/11/2019 | |||||
| Dewey Decimal Classification | SGT Engineering Library | SGT Engineering Library | Text Book | 24/12/2015 | SPARSH BOOK | 625.00 | SGTU | 1400 | 4 | 628.532 RAO | FE6346 | 18/04/2024 | Books | 04/04/2024 | ||||||
| Dewey Decimal Classification | SGT Engineering Library | SGT Engineering Library | Text Book | 24/12/2015 | SPARSH BOOK | 625.00 | SGTU | 1400 | 7 | 628.532 RAO | FE6347 | 28/11/2019 | Books | 1 | 23/11/2019 | |||||
| Dewey Decimal Classification | SGT Engineering Library | SGT Engineering Library | Text Book | 24/12/2015 | SPARSH BOOK | 625.00 | SGTU | 1400 | 7 | 628.532 RAO | FE6348 | 08/08/2024 | Books | 2 | 08/08/2024 | |||||
| Dewey Decimal Classification | SGT Engineering Library | SGT Engineering Library | Text Book | 24/12/2015 | SPARSH BOOK | 625.00 | SGTU | 1400 | 6 | 628.532 RAO | FE6349 | 28/11/2019 | Books | 4 | 07/11/2019 |